| 000 | 00989cam a22003017a 4500 | ||
|---|---|---|---|
| 003 | CHAP | ||
| 005 | 20220817043505.0 | ||
| 008 | 981030d1994 ec rf 11 spa d | ||
| 010 | _a76544 | ||
| 011 | _a77516 | ||
| 035 | _a87124 | ||
| 040 | _cCHAP | ||
| 082 | 0 | 4 |
_a634.90717 _bF33 |
| 110 | 2 | _aFAO | |
| 245 | 1 | 0 |
_aManual del extensionista forestal andino _c/por FAO |
| 260 |
_aQuito : _bDesarrollo Forestal Participativo en los Andes, _c1994. |
||
| 300 |
_a2 v. ; _bilus. |
||
| 590 |
_aBATCH-UPD _b10 _c20130110 _lUCH01 _h1917 |
||
| 590 |
_aBATCH-UPD _b10 _c20130410 _lUCH01 _h1243 |
||
| 590 |
_aBATCH-UPD _b10 _c20130914 _lUCH01 _h1339 |
||
| 590 |
_aCONVERSION _b10 _c20130109 _lUCH01 _h1342 |
||
| 650 | 1 | 4 |
_aExtensión forestal. _939198 |
| 901 | _aBK | ||
| 905 | _aLilia Sánchez G. | ||
| 942 | _cLIBRO | ||
| 949 |
_a634.90717 F33 _bBC _cFAO _d33724000709226 _eFAO1 _fv.1 _h94464 _i87124 _kDonaciØn _sb |
||
| 949 |
_a634.90717 F33 _bBC _cFAO _d33724000709234 _eFAO1 _fv.2 _h94465 _i87124 _kDonaciØn _sb |
||
| 999 |
_c76544 _d76544 |
||